Phonetically-based phonology (E-BOOK) (Record no. 213171)

000 -LEADER
fixed length control field 00756 a2200241 4500
003 - CONTROL NUMBER IDENTIFIER
control field Nust
005 - DATE AND TIME OF LATEST TRANSACTION
control field 20170207165828.0
010 ## - LIBRARY OF CONGRESS CONTROL NUMBER
LC control number 2003055722
020 ## - INTERNATIONAL STANDARD BOOK NUMBER
International Standard Book Number 0-521-82578-4
035 ## - SYSTEM CONTROL NUMBER
System control number (DLC) 2003055722
040 ## - CATALOGING SOURCE
Transcribing agency Nust
082 00 - DEWEY DECIMAL CLASSIFICATION NUMBER
Classification number 414.8
245 00 - TITLE STATEMENT
Title Phonetically-based phonology (E-BOOK)
Statement of responsibility, etc. edited by Robert Hayes, Robert Kirchner, and Donca Steriade.
260 ## - PUBLICATION, DISTRIBUTION, ETC.
Place of publication, distribution, etc. Cambridge :
Name of publisher, distributor, etc. Cambridge University Press,
Date of publication, distribution, etc. 2004
300 ## - PHYSICAL DESCRIPTION
Extent 375 s. :
Other physical details diagr., tab.
650 #7 - SUBJECT ADDED ENTRY--TOPICAL TERM
Topical term or geographic name entry element Fonologi
650 #7 - SUBJECT ADDED ENTRY--TOPICAL TERM
Topical term or geographic name entry element Grammar, Comparative and general
General subdivision Phonology
650 #7 - SUBJECT ADDED ENTRY--TOPICAL TERM
Topical term or geographic name entry element Grammar, Comparative and general
General subdivision Phonology.
650 #7 - SUBJECT ADDED ENTRY--TOPICAL TERM
Topical term or geographic name entry element Phonetics.
700 1# - ADDED ENTRY--PERSONAL NAME
Personal name Hayes, Bruce,
Dates associated with a name 1955-
Relator code edt
700 1# - ADDED ENTRY--PERSONAL NAME
Personal name Kirchner, Robert Martin,
Dates associated with a name 1961-
Relator code edt
700 1# - ADDED ENTRY--PERSONAL NAME
Personal name Steriade, Donca
Relator code edt
942 ## - ADDED ENTRY ELEMENTS (KOHA)
Source of classification or shelving scheme
Koha item type Book
Holdings
Withdrawn status Lost status Source of classification or shelving scheme Damaged status Not for loan Collection code Permanent Location Current Location Date acquired Total Checkouts Full call number Barcode Date last seen Price effective from Koha item type
            Military College of Signals (MCS) Military College of Signals (MCS) 12/12/2016   414.8 HAY MCSEB-3203 12/08/2016 12/12/2016 Book
© 2023 Central Library, National University of Sciences and Technology. All Rights Reserved.